|
|
|
|
| LEADER |
01114Cam#a22003255a#4500 |
| 001 |
017326 |
| 005 |
20160721153834.0 |
| 008 |
050628s2000####mx#ad#########000#0#spa#d |
| 020 |
|
|
|a 9688567744
|
| 082 |
0 |
4 |
|a 330.972
|2 21
|
| 099 |
|
|
|a 05-G88
|
| 100 |
1 |
|
|a Guillén R, Arturo
|
| 245 |
0 |
2 |
|a México hacia el siglo XXI :
|b crisis y modelo económico alternativo
|c Arturo Guillén R.
|
| 250 |
|
|
|a 1a. ed.
|
| 260 |
|
|
|a México, D. F. :
|b Plaza y Valdés,
|c 2000.
|
| 300 |
|
|
|a 319 p. :
|b gráficos, tablas ;
|c 21 cm.
|
| 490 |
0 |
|
|a Colección CSH
|
| 504 |
|
|
|a Incluye referencias bibliográficas y bibliografía (p. 313-319).
|
| 650 |
|
7 |
|a Crisis económica
|2 Spines
|
| 650 |
|
7 |
|a Inversiones extranjeras
|2 Spines
|
| 650 |
|
7 |
|a Reforma económica
|2 toit
|
| 650 |
|
7 |
|a Deuda pública
|2 Spines
|
| 650 |
|
7 |
|a Deflación
|2 Spines
|
| 650 |
|
7 |
|a Estrategias de desarrollo
|2 Spines
|
| 651 |
|
7 |
|a México
|2 Spines
|
| 653 |
|
|
|a Privatización
|
| 929 |
|
|
|a DONACION
|b UAM. Unidad Iztapalata
|d 0
|e 20050412
|j 37372
|
| 929 |
|
|
|a DONACION
|b UAM. Unidad Iztapalata
|d 0
|e 20050824
|f PAT0019798
|j 41883
|
| 942 |
|
|
|c LIB
|n 0
|
| 999 |
|
|
|c 17798
|d 93185
|